Super Smash Bros. Fan Roster v5 - Statistics

General Stats
  • This quiz has been taken 6 times
  • The average score is 22 of 108
Answer Stats
Series No. (#) Fighter First Appearance % Correct
Donkey Kong 11 Donkey Kong Donkey Kong (1981)
83%
Super Mario Bros. 4 Bowser Super Mario Bros. (1985)
67%
Super Mario Bros. Daisy Super Mario Land (1989)
67%
Super Mario Bros. 2 Luigi Super Mario Bros. (1985)
67%
Super Mario Bros. 1 Mario Donkey Kong (1981)
67%
Super Mario Bros. 3 Peach Super Mario Bros. (1985)
67%
WarioWare 10 Wario Super Mario Land 2: 6 Golden Coins (1992)
67%
Yoshi's Island 5 Yoshi Super Mario World (1990)
67%
Super Mario Bros. 9 Geno Super Mario RPG: Legend of the Seven Stars (1996)
50%
Street Fighter 70ε Ken Street Fighter (1987)
50%
Kirby 21 Kirby Kirby's Dream Land (1992)
50%
Metroid 25 Samus / Zero Suit Samus Metroid (1986)
50%
The Legend of Zelda 18 Skull Kid The Legend of Zelda: Majora's Mask (2000)
50%
Super Mario Bros. 7 Bowser Junior Super Mario Sunshine (2002)
33%
Fire Emblem 44 Ike Fire Emblem: Path of Radiance (2005)
33%
The Legend of Zelda 17 Impa The Legend of Zelda (1986)
33%
Splatoon 53 Inkling Splatoon (2015)
33%
Kirby 22 King Dedede Kirby's Dream Land (1992)
33%
Donkey Kong 13 King K. Rool Donkey Kong Country (1994)
33%
The Legend of Zelda 14 Link The Legend of Zelda (1986)
33%
Pokémon 34 Lucario Pokémon Diamond / Pearl (2006)
33%
Fire Emblem 43 Marth Fire Emblem: Shadow Dragon and the Blade of Light (1990)
33%
Pokémon 33 Mewtwo Pokémon Red / Green (1996)
33%
Game & Watch 58 Mr. Game & Watch Ball Toss-Up (1980)
33%
Pokémon 31 Pikachu Pokémon Red / Green (1996)
33%
Metroid 26 Ridley Metroid (1986)
33%
Super Mario Bros. 6 Rosalina & Luma Super Mario Galaxy (2007)
33%
Street Fighter 70 Ryu Street Fighter (1987)
33%
The Legend of Zelda 20 Toon Link The Legend of Zelda: The Wind Maker (2002)
33%
The Legend of Zelda 15 Zelda / Sheik The Legend of Zelda (1986)
33%
NieR:Automata 89 2B NieR:Automata (2017)
17%
Castlevania 74 Alucard Castlevania III: Dracula's Curse (1989)
17%
Kirby 24 Bandana Waddle Dee Kirby Super Star (1996)
17%
Banjo-Kazooie 79 Banjo & Kazooie Banjo-Kazooie (1998)
17%
Bayonetta 73 Bayonetta Bayonetta (2009)
17%
Sonic the Hedgehog 66 Blaze the Cat Sonic Rush (2005)
17%
Pac-Man 69 Blinky Pac-Man (1980)
17%
Fire Emblem 45 Byleth Fire Emblem: Three Houses (2019)
17%
F-Zero 56 Captain Falcon F-Zero (1990)
17%
Pikmin 47 Captain Olimar Pikmin (2001)
17%
Celeste 92 Celeste Celeste (2018)
17%
Pokémon 35 Charizard Pokémon Red / Green (1996)
17%
Fire Emblem 43ε Chrom Fire Emblem Awakening (2012)
17%
Crash Bandicoot 83 Crash Bandicoot Crash Bandicoot (1996)
17%
Cuphead 91 Cuphead Cuphead (2017)
17%
Kid Icarus 40ε Dark Pit Kid Icarus: Uprising (2012)
17%
Duck Hunt 61 Duck Hunt Duck Hunt (1984)
17%
Star Fox 29 Falco Star Fox (1993)
17%
Star Fox 28 Fox Star Fox (1993)
17%
Undertale 86 Frisk / Chara Undertale (2015)
17%
The Legend of Zelda 16 Ganondorf The Legend of Zelda: Ocarina of Time (1998)
17%
Pokémon 36 Greninja Pokémon X / Y (2013)
17%
Ice Climber 57 Ice Climbers Ice Climber (1984)
17%
Animal Crossing 49 Isabelle Animal Crossing: New Leaf (2012)
17%
Pokémon 32 Jigglypuff Pokémon Red / Green (1996)
17%
League of Legends 98 Jinx League of Legends (2013)
17%
Persona 75 Joker Persona 5 (2016)
17%
Deltarune 87 Kris Deltarune Chapter 1 (2018)
17%
Punch-Out!! 60 Little Mac Punch-Out!! (1984)
17%
Mega Man 67 Mega Man Mega Man (1987)
17%
Kirby 23 Meta Knight Kirby's Adventure (1993)
17%
Mother 55 Ness EarthBound (1994)
17%
Splatoon 53ε Octoling Splatoon 2 (2017)
17%
Pac-Man 68 Pac-Man Pac-Man (1980)
17%
Kid Icarus 41 Palutena Kid Icarus (1986)
17%
Kid Icarus 40 Pit Kid Icarus (1986)
17%
Xenoblade Chronicles 51 Rex Xenoblade Chronicles 2 (2017)
17%
R.O.B. 59 R.O.B. Mario Kart DS (2005)
17%
Sonic the Hedgehog 65ε Shadow the Hedgehog Sonic Adventure 2 (2001)
17%
Shovel Knight 93 Shovel Knight Shovel Knight (2014)
17%
Xenoblade Chronicles 50 Shulk Xenoblade Chronicles (2010)
17%
Metal Gear 64 Solid Snake Metal Gear (1987)
17%
Sonic the Hedgehog 65 Sonic the Hedgehog Sonic the Hedgehog (1991)
17%
Spyro the Dragon 82 Spyro the Dragon Spyro the Dragon (1998)
17%
Minecraft 81 Steve / Alex Minecraft (2009)
17%
Hollow Knight 88 The Knight Hollow Knight (2017)
17%
Animal Crossing 48 Villager Animal Crossing (2001)
17%
Star Fox 30 Wolf Star Fox 64 (1997)
17%
Fire Emblem 46 Alear Fire Emblem Engage (2023)
0%
Advance Wars 63 Andy Advance Wars (2001)
0%
Famicom Detective Club 62 Ayumi Tachibana Famicom Detective Club: The Missing Heir (1988)
0%
Super Mario Bros. 8 Captain Toad Super Mario Bros. (1985)
0%
Final Fantasy 72 Clive Rosfield Final Fantasy XVI (2023)
0%
Donkey Kong 12 Diddy Kong & Dixie Kong Donkey Kong Country (1994)
0%
Pokémon 38 Fuecoco Pokémon Scarlet / Violet (2022)
0%
Five Nights at Freddy's 90 Glamrock Freddy Five Nights at Freddy's: Security Breach (2021)
0%
The Legend of Zelda 19 King Rauru The Legend of Zelda: Tears of the Kingdom (2023)
0%
Street Fighter 71 Luke Street Fighter V: Champion Edition (2020)
0%
Fatal Fury 80 Mai Shiranui Fatal Fury 2 (1992)
0%
Pokémon 37 Meowscarada Pokémon Scarlet / Violet (2022)
0%
Danganronpa 85 Monokuma Danganronpa: Trigger Happy Havoc (2010)
0%
OneShot 94 Niko OneShot (2016)
0%
Xenoblade Chronicles 52 Noah & Mio Xenoblade Chronicles 3 (2022)
0%
Ace Attorney 84 Phoenix Wright & Maya Fey Phoenix Wright: Ace Attorney (2001)
0%
Kid Icarus 42 Phosphora Kid Icarus: Uprising (2012)
0%
Pokémon 37-39 Pokémon Trainer (Paldea) Pokémon Scarlet / Violet (2022)
0%
Pokémon 39 Quaxwell Pokémon Scarlet / Violet (2022)
0%
Devil Summoner 99 Raidou Kuzunoha XIV Devil Summoner: Raidou Kuzunoha vs. The Soulless Army (2006)
0%
Fortnite 100 Ruby Fortnite (2019)
0%
Dragon Quest 78 Slime Dragon Quest (1986)
0%
Metroid 27 Sylux Metroid Prime Hunters (2006)
0%
Persona 76 Teddie Persona 4 (2008)
0%
Dead Cells 95 The Beheaded Dead Cells (2017)
0%
Hyper Light Drifter 96 The Drifter Hyper Light Drifter (2016)
0%
Dragon Quest 77 The Luminary Dragon Quest XI: Echoes of an Elusive Age (2017)
0%
ARMS 54 Twintelle ARMS (2017)
0%
ULTRAKILL 97 V1 ULTRAKILL (2020)
0%
Persona 75ε Wonder Persona 5: The Phantom X (2024)
0%
No matching quizzes found
Score Distribution
Percent of People with Each Score
Percentile by Number Answered
Your Score History
You have not taken this quiz